000 00308nmm a2200133 a 4500
003 AR-BaBNM
005 20251128203137.0
008 233119s1896 ||||||||||||||000 | spa||
040 _cAR-BaBNM
245 1 0 _aEscritos de Mariano Moreno
260 _aBuenos Aires
_bConi
_c1896
942 _cBK
998 _cPICASSO
999 _c2113
_d2113